| 000 -LEADER |
| fixed length control field |
00362nam a22001457a 4500 |
| 008 - FIXED-LENGTH DATA ELEMENTS--GENERAL INFORMATION |
| fixed length control field |
210308b ||||| |||| 00| 0 eng d |
| 020 ## - INTERNATIONAL STANDARD BOOK NUMBER |
| International Standard Book Number |
9780619016951 |
| 041 ## - LANGUAGE CODE |
| Language code of text/sound track or separate title |
eng |
| 080 ## - UNIVERSAL DECIMAL CLASSIFICATION NUMBER |
| Universal Decimal Classification number |
004 |
| 082 ## - DEWEY DECIMAL CLASSIFICATION NUMBER |
| Classification number |
004 |
| 100 ## - Rafti |
| Rafti |
35 |
| 101 ## - Shkurtesa |
| Shkurtesa |
SHKI |
| 245 ## - TITLE STATEMENT |
| Title |
Designing a Mircrosoft Windows 2000 Network Infrastructure Lab Manual |
| Statement of responsibility, etc |
Stewart,M.J |
| 942 ## - ADDED ENTRY ELEMENTS (KOHA) |
| Source of classification or shelving scheme |
|
| Item type |
Books |